000 01818cad a22002415a 4500
001 E146122
008 081211s2008 xxk f 000 0 eng d
035 _a(Sirsi) u146122
041 0 _aeng
050 0 4 _a333.332 $2 18
110 2 _aRoyal Institution of Chartered Surveyors
_bScottish Branch
_9830
245 0 4 _aThe single survey
_bproperty inspection technical guidance for the completing of single surveys
_h[electronic resource]
260 _aEdinburgh
_bRICS
_c2008
505 2 _aIntroduction -- Part 1 RICS Scotland mandatory requirements: suitability of properties for the single survey; professional indemnity insurance; instructions; confirming instructions; preparing for the inspection; inspection; timescales; fees; records and files; security of information; health and safety risks; the single survey report; condition ratings; enquiries into the completed single survey; complaints and claims -- Part 2 General guidance: receiving instructions; inspection; tools; record keeping; health and safety risks; data protection; report writing -- Annex A RICS model engagement letter and terms and conditions -- Annex B properties exempted by the Regulations
520 _aOffers guidance on the completion of single surveys, which form part of the new Home Report in Scotland.
521 _aAdvanced
590 _aKA NTK
650 2 4 _aSCOTTISH SINGLE SURVEY SCHEME
651 4 _aScotland
_y1999-
690 _aPROPERTY-RESIDENTIAL PROPERTY-ACQUISITION AND DISPOSAL OF RESIDENTIAL PROPERTY-HOME BUYING REFORM
856 4 0 _uhttps://www.rics.org/globalassets/rics-website/media/upholding-professional-standards/sector-standards/building-surveying/property-inspection-technical-guidance-for-the-completing-of-single-surveys-rics.pdf
_zView the guidance free of charge at www.rics.org
942 _n0
_2ddc
999 _c109056
_d109056